Movies Quiz

Random Movies or Box Office Quiz

Top of the Box Office (2013) Quiz Stats

Quiz Updated Sep 19, 2016

Challenge
Share
Tweet
Embed
Score 0/20 Timer 05:00
0 Plays Today
Gross Movie % Correct
$1,214.8mIron Man 3
91.3%
$865.0mThe Hunger Games: Catching Fire
80.5%
$788.7mFast & Furious 6
72.4%
$644.6mThor: The Dark World
68.6%
$723.2mGravity
65.2%
$414.8mThe Wolverine
63.2%
$392.0mThe Wolf of Wall Street
61.3%
$467.4mStar Trek Into Darkness
60.6%
$958.4mThe Hobbit: The Desolation of Smaug
60%
$668.0mMan of Steel
59%
Gross Movie % Correct
$970.8mDespicable Me 2
57.7%
$1,276.5mFrozen
47.4%
$362.0mThe Hangover Part III
44.5%
$540.0mWorld War Z
43.6%
$744.2mMonsters University
42.4%
$411.0mPacific Rim
28.7%
$351.7mNow You See Me
26.8%
$493.3mOz the Great and Powerful
22.6%
$587.2mThe Croods
17.2%
$375.7mG.I. Joe: Retaliation
10.9%

You're not logged in!

Compare scores with friends on all Sporcle quizzes.
Join for Free
OR
Log In

You Might Also Like...

Show Comments

Extras

Top Quizzes Today


Score Distribution

Your Account Isn't Verified!

In order to create a playlist on Sporcle, you need to verify the email address you used during registration. Go to your Sporcle Settings to finish the process.

Report this User

Report this user for behavior that violates our Community Guidelines.

Details: